000 00698nam a22001817a 4500
999 _c178324
_d178324
005 20210324170254.0
010 _aENG-129293
020 _a978-93-5388-334-8
_c1295.00
035 _aEN-112825
037 _bDBAD/PUB
082 _a338.10954
100 _aSanjeev Kumar
245 _aThe State of Indian Agriculture; Agricultural Productivity, Food Security and Climate Change/
_cSanjeev Kumar
260 _aNew Delhi
_bSage Publication India
_c2020
270 _aB1/1-1 Mohan Cooperative Industrial Area Mathura Road
_bNew Delhi
_e110044
300 _axxvii+268p.
_c23cm(hbk)
_bIncluding illustrations, bibliographical references and index.
942 _2ddc
_cEN
_h338.10954
_mSAN